|
|
|
|
| LEADER |
00000nam2a2200000 4500 |
| 001 |
352701 |
| 005 |
20231102010525.0 |
| 035 |
|
|
|a (RuTPU)RU\TPU\retro\9437
|
| 035 |
|
|
|a RU\TPU\retro\9433
|
| 090 |
|
|
|a 352701
|
| 100 |
|
|
|a 20200131d1974 k y0rusy50 ca
|
| 101 |
0 |
|
|a rus
|
| 102 |
|
|
|a UA
|
| 105 |
|
|
|a a z 001zy
|
| 200 |
0 |
|
|a Вып. 110 : Действие излучений высокой энергии на катализаторы и полипропилен
|f Московский институт нефтехимической и газовой промышленности им. И. М. Губкина (МИНХиГП) ; под ред. Г. М. Панченкова
|
| 210 |
|
|
|a Киев
|c Наукова думка
|d 1974
|
| 215 |
|
|
|a 136 с.
|c ил.
|
| 320 |
|
|
|a Библиогр. в конце ст.
|
| 461 |
|
1 |
|0 (RuTPU)RU\TPU\retro\9257
|t Труды [Московского института нефтехимической и газовой промышленности]
|o [сборник]
|f Московский институт нефтехимической и газовой промышленности им. И. М. Губкина (МИНХиГП)
|v Вып. 110 : Действие излучений высокой энергии на катализаторы и полипропилен
|d 1959-
|
| 606 |
1 |
|
|a Катализаторы
|x Действие ионизирующих излучений
|2 stltpush
|3 (RuTPU)RU\TPU\subj\31833
|9 54582
|
| 606 |
1 |
|
|a Полипропилен
|x Действие ионизирующих излучений
|2 stltpush
|3 (RuTPU)RU\TPU\subj\50436
|9 69115
|
| 610 |
1 |
|
|a излучения высокой энергии
|
| 610 |
1 |
|
|a полипропилен
|
| 610 |
1 |
|
|a катализаторы
|
| 610 |
1 |
|
|a воздействие
|
| 610 |
1 |
|
|a катализаторы крекинга
|
| 610 |
1 |
|
|a изомеризация
|
| 610 |
1 |
|
|a полимеризация
|
| 610 |
1 |
|
|a дегидрирование
|
| 610 |
1 |
|
|a мономеры
|
| 610 |
1 |
|
|a газовые среды
|
| 675 |
|
|
|a 66.097.3
|v 3
|
| 675 |
|
|
|a 678.742.3
|v 3
|
| 702 |
|
1 |
|a Панченков
|b Г. М.
|4 340
|
| 801 |
|
1 |
|a RU
|b 63413507
|c 20060206
|g PSBO
|
| 801 |
|
2 |
|a RU
|b 63413507
|c 20200225
|g PSBO
|
| 942 |
|
|
|c BK
|